White House Press Seating Chart - Statistics

General Stats
  • This quiz has been taken 17 times
  • The average score is 17 of 49
Answer Stats
Seat Organization % Correct
A5 ABC News
100%
G6 BBC | Newsweek
94%
A2 Fox News
94%
A1 NBC News
94%
A3 CBS News
88%
A7 CNN
88%
B6 New York Times
75%
B5 Washington Post
75%
D1 CNBC | MSNBC | Telemundo
69%
A4 Associated Press
56%
C6 Los Angeles Times
56%
D3 New York Post | The Grio
56%
E2 Time
50%
B7 USA Today
50%
B4 NPR
44%
A6 Reuters
44%
E3 The Washington Times
44%
F4 Newsmax
38%
C1 Politico
38%
F5 Aljazeera
31%
B3 Bloomberg
31%
F6 Daily Beast | The Dallas Morning News
31%
D5 Fox News Radio | Fox Business
31%
D4 The Hill
31%
B1 Wall Street Journal
31%
D6 AURN | Univision
25%
F7 Huffpost
25%
C2 AP Radio | PBS News Hour
19%
G7 Financial Times | The Guardian
19%
G1 The Boston Globe | Blade
19%
D2 VOA
19%
F2 Yahoo
19%
E5 The Christian Science Monitor | Roll Call
13%
C5 AFP
6%
G3 Cheddar News | Hearst Television
6%
D7 Daily Mail
6%
C4 Foreign Pool
6%
G4 Gray | Spectrum News
6%
C3 McClatchy
6%
E7 National Journal
6%
G5 Nexstar | Newsy
6%
E6 Real Clear Politics
6%
F1 Washington Examiner
6%
C7 ABC News Radio
0%
E1 Bloomberg Government
0%
B2 CBS News Radio
0%
G2 Daily Caller | EWTN
0%
E4 Regional Reporters
0%
F3 Salem Radio Network | CBN
0%
No matching quizzes found
Score Distribution
Percent of People with Each Score
Percentile by Number Answered
Your Score History
You have not taken this quiz